[Event "Monarch Assurance Isle of Man 8th"]
[Site "Port Erin IOM"]
[Date "1999.11.12"]
[Round "7"]
[White "McLeod, Fraser"]
[Black "Spanton, Tim"]
[Result "1/2-1/2"]
[WhiteElo "1832"]
[BlackElo "2147"]
[PlyCount "97"]
[EventDate "1999.11.06"]
[EventType "swiss"]
[EventRounds "9"]
[EventCountry "IOM"]

1. d4 Nf6 2. c4 e6 3. Nc3 d5 4. Bg5 c5 5. cxd5 cxd4 6. Qa4+ Qd7 7. Qxd4 Nc6 8.
Qd1 Nxd5 9. Nxd5 Qxd5 10. Qxd5 exd5 11. O-O-O Be6 12. Kb1 Rc8 13. Nf3 Bc5 14.
e3 O-O 15. Nd4 Nxd4 16. exd4 Bf5+ 17. Bd3 Bxd3+ 18. Rxd3 Bb6 19. Re1 f6 20. Bd2
Rc4 21. Bc3 Kf7 22. b3 Rc7 23. Bb2 Rfc8 24. Rde3 Rc2 25. R3e2 Rxe2 26. Rxe2 h5
27. f3 g5 28. Rc2 Re8 29. Kc1 f5 30. Kd1 Kf6 31. Re2 Rxe2 32. Kxe2 f4 33. h3
Kf5 34. Kf1 Ba5 35. Ke2 b5 36. a4 bxa4 37. bxa4 Bb4 38. Kd3 g4 39. hxg4+ hxg4
40. Bc1 Bd6 41. Bd2 gxf3 42. gxf3 Kg5 43. Be1 Kh5 44. Ke2 Be7 45. Kf1 Bf6 46.
Bc3 Bh4 47. Ke2 Bg3 48. Kf1 Kh4 49. Kg2 1/2-1/2

[Event "Monarch Assurance Isle of Man 8th"]
[Site "Port Erin IOM"]
[Date "1999.11.12"]
[Round "7"]
[White "Parker, Jonathan"]
[Black "Baburin, Alexander"]
[Result "1-0"]
[WhiteElo "2523"]
[BlackElo "2593"]
[PlyCount "67"]
[EventDate "1999.11.06"]
[EventType "swiss"]
[EventRounds "9"]
[EventCountry "IOM"]

1. d4 d5 2. Nf3 e6 3. g3 Nf6 4. Bg2 Be7 5. O-O O-O 6. c4 dxc4 7. Ne5 Nc6 8.
Bxc6 bxc6 9. Nxc6 Qd7 10. Nxe7+ Qxe7 11. Qa4 e5 12. dxe5 Qxe5 13. Qxc4 Be6 14.
Qc2 Bf5 15. Qd2 Bh3 16. Re1 Rad8 17. Qe3 Qd5 18. f3 Ng4 19. Qc3 Rfe8 20. Na3
Rxe2 21. Rxe2 Qxf3 22. Bh6 Qxc3 23. bxc3 gxh6 24. Nb5 Rd5 25. a4 a5 26. Nxc7
Rc5 27. Nb5 Ne5 28. Re3 Nc4 29. Re4 Nd2 30. Rf4 Re5 31. Rd1 Ne4 32. Re1 f5 33.
Rh4 Bg4 34. h3 1-0

[Event "Monarch Assurance Isle of Man 8th"]
[Site "Port Erin IOM"]
[Date "1999.11.12"]
[Round "7"]
[White "Peters, Stephen"]
[Black "Nicholson, John"]
[Result "1-0"]
[WhiteElo "2158"]
[BlackElo "2023"]
[PlyCount "49"]
[EventDate "1999.11.06"]
[EventType "swiss"]
[EventRounds "9"]
[EventCountry "IOM"]

1. d4 d5 2. c4 e6 3. Nc3 c5 4. cxd5 cxd4 5. Qxd4 Nc6 6. Qd1 exd5 7. Qxd5 Bd7 8.
e3 Nf6 9. Qd1 Bc5 10. Nf3 Qe7 11. a3 O-O-O 12. Bd2 Rhe8 13. Be2 Bf5 14. b4 Bb6
15. O-O Ng4 16. Nd4 Qh4 17. h3 Rxd4 18. exd4 Nxf2 19. Rxf2 Bxd4 20. Qf1 Re6 21.
Be1 Qg3 22. Kh1 Be5 23. Qg1 Nd4 24. Rxf5 Nxf5 25. Qc5+ 1-0

[Event "Monarch Assurance Isle of Man 8th"]
[Site "Port Erin IOM"]
[Date "1999.11.12"]
[Round "7"]
[White "Player, Edmund"]
[Black "Hickman, John"]
[Result "0-1"]
[WhiteElo "2105"]
[BlackElo "2125"]
[PlyCount "82"]
[EventDate "1999.11.06"]
[EventType "swiss"]
[EventRounds "9"]
[EventCountry "IOM"]

1. e4 d6 2. d4 Nf6 3. Nc3 c6 4. f4 Qa5 5. e5 Ne4 6. Qf3 d5 7. Bd3 Na6 8. Nge2
Nb4 9. O-O Nxc3 10. bxc3 Nxd3 11. cxd3 g6 12. Bd2 h5 13. h3 h4 14. Rfd1 Qa6 15.
Nc1 Bf5 16. Be1 e6 17. Nb3 b6 18. c4 Be7 19. a4 O-O 20. c5 Rfb8 21. Kh2 Kg7 22.
Qe2 Qc8 23. cxb6 Rxb6 24. Qc2 Rab8 25. Rab1 Qb7 26. Nd2 Bb4 27. Bxh4 Bxd2 28.
Bf6+ Kf8 29. Rxb6 Bxf4+ 30. g3 Bxg3+ 31. Kxg3 Qxb6 32. Qd2 g5 33. Qxg5 Bg6 34.
Qe3 Qb3 35. Rd2 Ke8 36. Qe2 Kd7 37. Rc2 Rg8 38. Kh2 Qxa4 39. Ra2 Qxd4 40. Qb2
Qf4+ 41. Kh1 Be4+ 0-1

[Event "Monarch Assurance Isle of Man 8th"]
[Site "Port Erin IOM"]
[Date "1999.11.12"]
[Round "7"]
[White "Puuska, Heini"]
[Black "Goodger, Martyn"]
[Result "1/2-1/2"]
[WhiteElo "2035"]
[BlackElo "2185"]
[PlyCount "58"]
[EventDate "1999.11.06"]
[EventType "swiss"]
[EventRounds "9"]
[EventCountry "IOM"]

1. d4 f5 2. Nc3 d5 3. Bg5 g6 4. h4 Bg7 5. h5 Be6 6. Nh3 c6 7. Nf4 Bf7 8. e3 Qb6
9. a3 Nd7 10. Bd3 Ngf6 11. hxg6 hxg6 12. Rxh8+ Bxh8 13. b4 e5 14. dxe5 Nxe5 15.
Na4 Qc7 16. Rb1 Nxd3+ 17. cxd3 Nh7 18. Nh3 Nxg5 19. Nxg5 Bf6 20. Nxf7 Kxf7 21.
Kd2 d4 22. Qb3+ Kg7 23. Nc5 dxe3+ 24. fxe3 Qh2 25. Ne6+ Kh6 26. Re1 g5 27. Re2
Qg3 28. Qc4 Re8 29. Nd4 Bxd4 1/2-1/2

[Event "Monarch Assurance Isle of Man 8th"]
[Site "Port Erin IOM"]
[Date "1999.11.12"]
[Round "7"]
[White "Shneider, Aleksander"]
[Black "Ryan, Joe"]
[Result "1-0"]
[WhiteElo "2551"]
[BlackElo "2280"]
[PlyCount "117"]
[EventDate "1999.11.06"]
[EventType "swiss"]
[EventRounds "9"]
[EventCountry "IOM"]

1. d4 d5 2. c4 c6 3. Nc3 Nf6 4. e3 a6 5. Nf3 b5 6. b3 Bg4 7. Be2 e6 8. O-O Nbd7
9. Ne5 Nxe5 10. dxe5 Bxe2 11. Qxe2 Nd7 12. Bb2 bxc4 13. bxc4 Be7 14. cxd5 cxd5
15. Rfd1 O-O 16. e4 dxe4 17. Nxe4 Qc7 18. Rac1 Qb7 19. Rc3 Rfd8 20. Nd6 Bxd6
21. exd6 Qb5 22. Qc2 Rab8 23. Ba1 e5 24. Rc7 f6 25. h3 Nf8 26. Rc5 Qb4 27. Rc4
Qb7 28. Rc7 Qb5 29. a4 Qb3 30. Qxb3+ Rxb3 31. Rc6 a5 32. Bc3 Rd7 33. Bxa5 Ra3
34. Rc4 Kf7 35. Bb6 Ke6 36. a5 Ng6 37. Rcc1 Nf4 38. Ra1 Rxa1 39. Rxa1 Nd5 40.
Bc5 Rd8 41. a6 Ra8 42. a7 Nc3 43. Ra3 Ne2+ 44. Kf1 Nd4 45. Bxd4 exd4 46. Ra6
Kd7 47. Ke2 Kc8 48. Kd3 Kb7 49. Ra2 Kc6 50. Kxd4 Kxd6 51. Ke4 Kc6 52. Kf5 Kd6
53. h4 Ke7 54. h5 Kf7 55. Ke4 Ke6 56. Ra6+ Kd7 57. Kd5 Kc7 58. Ke6 Kb7 59. Ra2
1-0

[Event "Monarch Assurance Isle of Man 8th"]
[Site "Port Erin IOM"]
[Date "1999.11.12"]
[Round "7"]
[White "Sutovsky, Emil"]
[Black "Psakhis, Lev"]
[Result "1/2-1/2"]
[WhiteElo "2587"]
[BlackElo "2581"]
[PlyCount "31"]
[EventDate "1999.11.06"]
[EventType "swiss"]
[EventRounds "9"]
[EventCountry "IOM"]

1. e4 e6 2. d4 d5 3. Nd2 c5 4. Ngf3 cxd4 5. Nxd4 Nc6 6. Bb5 Bd7 7. Nxc6 Bxc6 8.
Bxc6+ bxc6 9. c4 Bc5 10. Qa4 Ne7 11. cxd5 exd5 12. Nb3 Bb6 13. O-O O-O 14. Bg5
Re8 15. Rfe1 Qd6 16. Rad1 1/2-1/2

[Event "Monarch Assurance Isle of Man 8th"]
[Site "Port Erin IOM"]
[Date "1999.11.12"]
[Round "7"]
[White "Thiruchelvam, Murugan"]
[Black "Hill, David"]
[Result "1/2-1/2"]
[WhiteElo "2072"]
[BlackElo "2024"]
[PlyCount "37"]
[EventDate "1999.11.06"]
[EventType "swiss"]
[EventRounds "9"]
[EventCountry "IOM"]

1. e4 c5 2. Nf3 e6 3. c4 Nc6 4. Nc3 Nf6 5. Be2 Be7 6. O-O d5 7. exd5 exd5 8. d4
cxd4 9. Nxd4 Nxd4 10. Qxd4 dxc4 11. Qxd8+ Bxd8 12. Bxc4 O-O 13. Be3 b6 14. Rac1
Bb7 15. Rfd1 Bc7 16. Bg5 Be5 17. Bxf6 Bxf6 18. Rd7 Bc8 19. Rdd1 1/2-1/2

[Event "Monarch Assurance Isle of Man 8th"]
[Site "Port Erin IOM"]
[Date "1999.11.12"]
[Round "7"]
[White "Thorfinnsson, Bjorn"]
[Black "Murtagh, Dermot"]
[Result "1-0"]
[WhiteElo "2195"]
[BlackElo "1791"]
[PlyCount "87"]
[EventDate "1999.11.06"]
[EventType "swiss"]
[EventRounds "9"]
[EventCountry "IOM"]

1. d4 Nf6 2. Nf3 g6 3. Bg5 Bg7 4. c4 c5 5. Nc3 O-O 6. e3 cxd4 7. exd4 b6 8. g3
Bb7 9. Bg2 h6 10. Be3 Ne4 11. Nxe4 Bxe4 12. Qd2 g5 13. O-O d6 14. h4 g4 15. Ne1
Bxg2 16. Nxg2 Nc6 17. Kh1 f5 18. Bxh6 Bxh6 19. Qxh6 Nxd4 20. Nf4 Rf6 21. Qg5+
Kh7 22. Nd5 Rf7 23. Rfe1 e5 24. Qh5+ Kg7 25. Rad1 Nf3 26. Re3 Qd7 27. Rxf3 gxf3
28. Qg5+ Kh7 29. Nf6+ Rxf6 30. Qxf6 f4 31. Kh2 Rd8 32. gxf4 Rg8 33. f5 Rg2+ 34.
Kh1 Qg7 35. Qxg7+ Kxg7 36. Rg1 Rxg1+ 37. Kxg1 Kf6 38. Kh2 Kxf5 39. Kg3 e4 40.
h5 Ke5 41. h6 Kd4 42. h7 Kd3 43. h8=Q Ke2 44. Qd4 1-0

[Event "Monarch Assurance Isle of Man 8th"]
[Site "Port Erin IOM"]
[Date "1999.11.12"]
[Round "7"]
[White "Ward, Chris"]
[Black "Lalic, Bogdan"]
[Result "1/2-1/2"]
[WhiteElo "2473"]
[BlackElo "2550"]
[PlyCount "26"]
[EventDate "1999.11.06"]
[EventType "swiss"]
[EventRounds "9"]
[EventCountry "IOM"]

1. d4 d5 2. c4 e6 3. Nc3 Be7 4. Nf3 Nf6 5. cxd5 exd5 6. Bg5 c6 7. Qc2 g6 8. e3
Bf5 9. Bd3 Bxd3 10. Qxd3 Nbd7 11. O-O O-O 12. Bxf6 Nxf6 13. Rab1 a5 1/2-1/2

[Event "Monarch Assurance Isle of Man 8th"]
[Site "Port Erin IOM"]
[Date "1999.11.13"]
[Round "8"]
[White "Baburin, Alexander"]
[Black "Kudrin, Sergei"]
[Result "1-0"]
[WhiteElo "2593"]
[BlackElo "2525"]
[PlyCount "75"]
[EventDate "1999.11.06"]
[EventType "swiss"]
[EventRounds "9"]
[EventCountry "IOM"]

1. d4 Nf6 2. c4 g6 3. Nf3 Bg7 4. g3 d5 5. Bg2 dxc4 6. Na3 c3 7. bxc3 O-O 8. O-O
c5 9. e3 Nc6 10. Qe2 Bf5 11. Rd1 Be4 12. Bb2 Qa5 13. Nd2 Bxg2 14. Nb3 Qd8 15.
Kxg2 cxd4 16. cxd4 Na5 17. e4 Rc8 18. d5 a6 19. Rac1 Qb6 20. Bd4 Qb4 21. Qb2
Rxc1 22. Rxc1 Bh6 23. Nxa5 Qxb2 24. Bxb2 Bxc1 25. Bxc1 Nxe4 26. N3c4 Rc8 27.
Ba3 Rc7 28. Bb4 Nf6 29. Nb6 Kg7 30. Kf3 g5 31. h3 h5 32. Ke3 Nd7 33. Nac4 Nxb6
34. Nxb6 f5 35. h4 gxh4 36. gxh4 Kf6 37. d6 Rc6 38. d7 1-0

[Event "Monarch Assurance Isle of Man 8th"]
[Site "Port Erin IOM"]
[Date "1999.11.13"]
[Round "8"]
[White "Emms, John"]
[Black "Jackson, Adrian"]
[Result "1-0"]
[WhiteElo "2586"]
[BlackElo "2223"]
[PlyCount "29"]
[EventDate "1999.11.06"]
[EventType "swiss"]
[EventRounds "9"]
[EventCountry "IOM"]

1. e4 e5 2. Bc4 Nf6 3. d3 Bc5 4. Nc3 d6 5. f4 Ng4 6. f5 Nf2 7. Qh5 Qd7 8. Be6
Qe7 9. Nd5 g6 10. Qh6 Qf8 11. Bxc8 Nxh1 12. Bxb7 Bxg1 13. Bxa8 Kd7 14. Qxf8
Rxf8 15. Bh6 1-0

[Event "Monarch Assurance Isle of Man 8th"]
[Site "Port Erin IOM"]
[Date "1999.11.13"]
[Round "8"]
[White "Farndon, David Alexander Alexander"]
[Black "Giddins, Stephen W"]
[Result "1/2-1/2"]
[WhiteElo "2238"]
[BlackElo "2376"]
[PlyCount "28"]
[EventDate "1999.11.06"]
[EventType "swiss"]
[EventRounds "9"]
[EventCountry "IOM"]

1. Nf3 Nf6 2. c4 b6 3. g3 c5 4. Bg2 Bb7 5. O-O e6 6. Nc3 a6 7. b3 d6 8. Bb2 Be7 9. d4 cxd4 10. Qxd4 Nbd7 11. e4 ({The bulletin gives the finish as} 11. Rfd1 O-O 12. Bh3 Qc7 13. Rac1 {draw agreed.}) 11... O-O 12. Rac1 Qc7 13. Rfd1 Rac8 14. Bh3 Rfe8 {Source: Steve Giddins; bulletin} 1/2-1/2

[Event "Monarch Assurance Isle of Man 8th"]
[Site "Port Erin IOM"]
[Date "1999.11.13"]
[Round "8"]
[White "Fraser-Mitchell, Jeremy"]
[Black "Coleman, David"]
[Result "0-1"]
[WhiteElo "2066"]
[BlackElo "2240"]
[PlyCount "64"]
[EventDate "1999.11.06"]
[EventType "swiss"]
[EventRounds "9"]
[EventCountry "IOM"]

1. d4 Nf6 2. c4 g6 3. Nc3 Bg7 4. e4 d6 5. f3 Nc6 6. Nge2 a6 7. Bg5 Rb8 8. Rb1
O-O 9. Qd2 e5 10. d5 Nd4 11. Nxd4 exd4 12. Ne2 h6 13. Bf4 g5 14. Bg3 Qe7 15.
Rd1 Nh5 16. Bf2 f5 17. exf5 d3 18. Qxd3 Bxf5 19. Qb3 Rbe8 20. g4 Nf4 21. gxf5
Nxe2 22. Kd2 Nd4 23. Qd3 Nxf5 24. Bh3 Qe5 25. Bxf5 Qxb2+ 26. Qc2 Qb4+ 27. Kc1
Rxf5 28. Bd4 Rxf3 29. Qg6 Rc3+ 30. Bxc3 Qxc3+ 31. Qc2 Qa3+ 32. Kb1 Re3 0-1

[Event "Monarch Assurance Isle of Man 8th"]
[Site "Port Erin IOM"]
[Date "1999.11.13"]
[Round "8"]
[White "Hank, Holger"]
[Black "Ellison, D George"]
[Result "0-1"]
[WhiteElo "2063"]
[BlackElo "2100"]
[PlyCount "70"]
[EventDate "1999.11.06"]
[EventType "swiss"]
[EventRounds "9"]
[EventCountry "IOM"]

1. d4 e6 2. Nf3 f5 3. c3 Nf6 4. Bg5 h6 5. Bxf6 Qxf6 6. Nbd2 d5 7. Ne5 Nd7 8.
Ndf3 Bd6 9. Qa4 c6 10. Nxd7 Bxd7 11. Qb3 b6 12. e3 O-O 13. Be2 Kh8 14. h4 g6
15. O-O-O b5 16. Rdg1 h5 17. Qd1 Kg7 18. Rh3 a5 19. Nd2 b4 20. c4 c5 21. f3
cxd4 22. g4 hxg4 23. fxg4 dxe3 24. Rxe3 f4 25. Rh3 a4 26. g5 Qe5 27. Nf3 Qe3+
28. Qd2 e5 29. Rhh1 d4 30. Qxe3 fxe3 31. Kd1 Bc6 32. Rh3 Rae8 33. Rf1 Bc5 34.
Nh2 e4 35. Rxf8 Rxf8 0-1

[Event "Monarch Assurance Isle of Man 8th"]
[Site "Port Erin IOM"]
[Date "1999.11.13"]
[Round "8"]
[White "Hebden, Mark"]
[Black "Sutovsky, Emil"]
[Result "0-1"]
[WhiteElo "2510"]
[BlackElo "2587"]
[PlyCount "65"]
[EventDate "1999.11.06"]
[EventType "swiss"]
[EventRounds "9"]
[EventCountry "IOM"]

1. d4 Nf6 2. Nf3 g6 3. Nc3 Bg7 4. e4 d6 5. Be3 O-O 6. Qd2 e5 7. dxe5 dxe5 8.
Qxd8 Rxd8 9. Bc4 Nc6 10. O-O h6 11. h3 Ne8 12. Rfd1 Nd4 13. Bxd4 exd4 14. Nd5
Be6 15. Bb3 Nd6 16. Nxc7 Bxb3 17. cxb3 Rac8 18. Nd5 Rc5 19. b4 Rc2 20. Nxd4
Rxb2 21. Nf3 Re8 22. e5 Ne4 23. Rac1 Nxf2 24. Rd4 Bxe5 25. Re1 Nxh3+ 26. Kh1
Nf2+ 27. Kg1 f6 28. Nxe5 fxe5 29. Rc4 Rf8 30. Rxe5 h5 31. Ne3 Rxa2 32. Re7 Ra1+
33. Kh2 0-1

[Event "Monarch Assurance Isle of Man 8th"]
[Site "Port Erin IOM"]
[Date "1999.11.13"]
[Round "8"]
[White "Hickman, John"]
[Black "Puuska, Heini"]
[Result "1-0"]
[WhiteElo "2125"]
[BlackElo "2035"]
[PlyCount "105"]
[EventDate "1999.11.06"]
[EventType "swiss"]
[EventRounds "9"]
[EventCountry "IOM"]

1. Nf3 c5 2. g3 Nc6 3. Bg2 g6 4. O-O Bg7 5. d3 d6 6. e4 Bg4 7. h3 Bxf3 8. Qxf3
Nf6 9. c3 O-O 10. Be3 Nd7 11. Na3 Rc8 12. Qe2 a6 13. Nc2 b5 14. d4 Na5 15. b3
Nc6 16. Qd2 a5 17. d5 Ncb8 18. Bh6 Bxh6 19. Qxh6 b4 20. c4 Qe8 21. Ne1 f6 22.
Nd3 Ne5 23. Nxe5 dxe5 24. Bf3 Rc7 25. Bg4 Nd7 26. Be6+ Kh8 27. h4 Nb6 28. f4
exf4 29. Rxf4 Nd7 30. Bxd7 Rxd7 31. e5 Ra7 32. Re1 f5 33. Ref1 a4 34. g4 axb3
35. axb3 Rg8 36. Kh1 e6 37. gxf5 exf5 38. Re1 Qa8 39. Qg5 Ra1 40. Rff1 Rxe1 41.
Rxe1 Qa2 42. Qe3 f4 43. Qf3 g5 44. e6 g4 45. Qxf4 g3 46. Qe5+ Rg7 47. Qe2 Qxb3
48. Kg2 Qa4 49. e7 Qe8 50. d6 Rf7 51. Qe5+ Kg8 52. Qd5 Kg7 53. d7 1-0

[Event "Monarch Assurance Isle of Man 8th"]
[Site "Port Erin IOM"]
[Date "1999.11.13"]
[Round "8"]
[White "Hill, David"]
[Black "Peters, Stephen"]
[Result "0-1"]
[WhiteElo "2024"]
[BlackElo "2158"]
[PlyCount "80"]
[EventDate "1999.11.06"]
[EventType "swiss"]
[EventRounds "9"]
[EventCountry "IOM"]

1. d4 Nf6 2. Nf3 c5 3. d5 b5 4. Bg5 d6 5. Bxf6 exf6 6. e4 a6 7. a4 b4 8. Nbd2
g6 9. Bd3 Bg7 10. O-O O-O 11. a5 Bb7 12. Nc4 Ra7 13. c3 f5 14. cxb4 fxe4 15.
Bxe4 Re8 16. Nfd2 cxb4 17. Qa4 Re7 18. Qxb4 Ba8 19. Qxd6 Rad7 20. Qb4 Bd4 21.
Rae1 Bxd5 22. Bxd5 Rxe1 23. Rxe1 Rxd5 24. Qa4 Kg7 25. Nf3 Qf6 26. Nxd4 Qxd4 27.
b3 Nd7 28. Qa1 Nc5 29. b4 Nd3 30. Rd1 Qxa1 31. Rxa1 Nxb4 32. Kf1 Rc5 33. Nd6
Nc6 34. Nb7 Rb5 35. Rc1 Nd4 36. Rd1 Ne6 37. Rd7 Nc5 38. Rd5 Rb1+ 39. Ke2 Nxb7
40. Rd7 Nc5 0-1

[Event "Monarch Assurance Isle of Man 8th"]
[Site "Port Erin IOM"]
[Date "1999.11.13"]
[Round "8"]
[White "Kiriakov, Petr"]
[Black "Allen, Keith"]
[Result "1-0"]
[WhiteElo "2554"]
[BlackElo "2233"]
[PlyCount "75"]
[EventDate "1999.11.06"]
[EventType "swiss"]
[EventRounds "9"]
[EventCountry "IOM"]

1. d4 Nf6 2. c4 g6 3. Nc3 d5 4. Nf3 Bg7 5. Bg5 Ne4 6. cxd5 Nxg5 7. Nxg5 e6 8.
Nf3 exd5 9. e3 O-O 10. b4 Qd6 11. Qb3 c6 12. Be2 Bg4 13. O-O Nd7 14. b5 f5 15.
Rac1 Kh8 16. bxc6 bxc6 17. Nd2 Bxe2 18. Nxe2 Rfb8 19. Qc2 Rb6 20. Nf3 Bh6 21.
g3 a5 22. Kg2 a4 23. Rb1 a3 24. Ne5 Kg7 25. Rxb6 Nxb6 26. Rb1 Ra6 27. Qd3 Nc4
28. Rb7+ Kg8 29. Nxc4 dxc4 30. Qxc4+ Qd5+ 31. Qxd5+ cxd5 32. Nc3 Rc6 33. Nxd5
Rc2 34. Ra7 Rxa2 35. Kf3 Bg7 36. h4 h6 37. h5 gxh5 38. Ne7+ 1-0

[Event "Monarch Assurance Isle of Man 8th"]
[Site "Port Erin IOM"]
[Date "1999.11.13"]
[Round "8"]
[White "Lalic, Bogdan"]
[Black "Rowson, Jonathan"]
[Result "1-0"]
[WhiteElo "2550"]
[BlackElo "2494"]
[PlyCount "83"]
[EventDate "1999.11.06"]
[EventType "swiss"]
[EventRounds "9"]
[EventCountry "IOM"]

1. c4 g6 2. e4 e5 3. Nf3 Bg7 4. d4 exd4 5. Nxd4 Nf6 6. e5 Ne4 7. Nf3 d6 8. Qd5
f5 9. exf6 Nxf6 10. Qd1 O-O 11. Be2 Nc6 12. Nc3 Bf5 13. O-O Qd7 14. h3 Rae8 15.
Be3 Ne4 16. Nxe4 Bxe4 17. Ng5 Bf5 18. Qd2 h6 19. Nf3 Be4 20. Nh2 Qe7 21. Rad1
Qf6 22. b3 g5 23. Bh5 Bg6 24. Bf3 Be4 25. Bh5 Bg6 26. Qd5+ Kh7 27. Bf3 a6 28.
c5 dxc5 29. Qxc5 Be4 30. Bxe4+ Rxe4 31. Nf3 Qe7 32. Qxe7 Nxe7 33. Rd7 Kg6 34.
Rxc7 Nd5 35. Rxb7 Nxe3 36. Re1 Bd4 37. Nxd4 Rxd4 38. Rxe3 Rd1+ 39. Kh2 Rxf2 40.
Rb6+ Kf5 41. Rxh6 Kf4 42. Re8 1-0

[Event "Monarch Assurance Isle of Man 8th"]
[Site "Port Erin IOM"]
[Date "1999.11.13"]
[Round "8"]
[White "Murtagh, Dermot"]
[Black "Goodger, Martyn"]
[Result "0-1"]
[WhiteElo "1791"]
[BlackElo "2185"]
[PlyCount "118"]
[EventDate "1999.11.06"]
[EventType "swiss"]
[EventRounds "9"]
[EventCountry "IOM"]

1. e4 d5 2. exd5 Nf6 3. Nf3 Qxd5 4. Be2 g6 5. Nc3 Qd8 6. d3 Bg7 7. Bf4 a6 8.
Qd2 Nc6 9. Bh6 O-O 10. O-O Nd4 11. Nxd4 Qxd4 12. Qf4 e5 13. Qc1 Bg4 14. Bxg7
Kxg7 15. Bxg4 Nxg4 16. Ne2 Qc5 17. c3 Qd6 18. f3 Qxd3 19. fxg4 Qxe2 20. Re1
Qxg4 21. Rxe5 Rad8 22. Qe1 Rd7 23. h3 Qf4 24. Re4 Qf6 25. Qe2 Rfd8 26. Rf1 Qb6+
27. Kh1 Qd6 28. Qf3 c5 29. Qe3 b6 30. Rh4 f5 31. Qh6+ Kg8 32. Rhf4 Qf8 33. Qg5
Rd1 34. h4 Rxf1+ 35. Rxf1 Rd7 36. g4 Qe7 37. gxf5 Qxg5 38. hxg5 gxf5 39. Rxf5
Rd2 40. b4 cxb4 41. cxb4 Rxa2 42. b5 Ra5 43. g6 hxg6 44. Rf6 Rxb5 45. Rxg6+ Kf7
46. Rh6 Ke7 47. Kg2 Kd7 48. Kf3 Kc7 49. Ke3 Rc5 50. Kd4 a5 51. Rg6 Kb7 52. Rh6
Ka6 53. Rh1 a4 54. Ra1 Ka5 55. Rb1 Rc8 56. Kd3 b5 57. Rh1 a3 58. Rh7 Ka4 59.
Kd2 b4 0-1

[Event "Monarch Assurance Isle of Man 8th"]
[Site "Port Erin IOM"]
[Date "1999.11.13"]
[Round "8"]
[White "Naes, Flovin Tor"]
[Black "Thiruchelvam, Murugan"]
[Result "1-0"]
[WhiteElo "2222"]
[BlackElo "2072"]
[PlyCount "140"]
[EventDate "1999.11.06"]
[EventType "swiss"]
[EventRounds "9"]
[EventCountry "IOM"]

1. e4 c6 2. d4 d5 3. exd5 cxd5 4. Bd3 Nc6 5. c3 Nf6 6. Bf4 g6 7. h3 Bg7 8. Nf3
O-O 9. O-O Ne8 10. Nbd2 f6 11. Re1 Nd6 12. c4 Nb4 13. Bb1 dxc4 14. Nxc4 Nxc4
15. Qb3 Nd5 16. Qxc4 Kh8 17. Bg3 e6 18. Be4 Qd7 19. Rac1 Rd8 20. Bc7 Nxc7 21.
Qxc7 f5 22. Ng5 Qxc7 23. Rxc7 Rd7 24. Rec1 Rxc7 25. Rxc7 fxe4 26. Nf7+ Kg8 27.
Nd6 Bxd4 28. Nxc8 Bxb2 29. Rxb7 Rxc8 30. Rxb2 Rc7 31. Kf1 Kf7 32. Ke2 Kf6 33.
Ke3 Ke5 34. Rb5+ Kd6 35. Ra5 e5 36. Kxe4 Rc4+ 37. Kf3 Rc2 38. Ke4 Rc4+ 39. Kd3
Rc7 40. g3 Ke6 41. Ke4 Rc4+ 42. Kf3 Rc7 43. Ke4 Rc4+ 44. Kd3 Rc7 45. h4 Rf7 46.
Ke4 Rxf2 47. Ra6+ Kf7 48. Rxa7+ Kf6 49. Ra6+ Kg7 50. Kxe5 Rf3 51. g4 Rh3 52.
Ra7+ Kg8 53. Kf6 Rf3+ 54. Kg5 Rg3 55. Kf6 Rf3+ 56. Kg5 Rg3 57. a4 h6+ 58. Kxg6
Rxg4+ 59. Kh5 Rb4 60. a5 Rc4 61. Kxh6 Rxh4+ 62. Kg5 Rh1 63. Ra8+ Kh7 64. a6 Kg7
65. Kf5 Ra1 66. Ke5 Re1+ 67. Kd5 Rc1 68. Rb8 Ra1 69. Rb7+ Kf6 70. a7 Ra6 1-0

[Event "Monarch Assurance Isle of Man 8th"]
[Site "Port Erin IOM"]
[Date "1999.11.13"]
[Round "8"]
[White "Nicholson, John"]
[Black "Player, Edmund"]
[Result "0-1"]
[WhiteElo "2023"]
[BlackElo "2105"]
[PlyCount "68"]
[EventDate "1999.11.06"]
[EventType "swiss"]
[EventRounds "9"]
[EventCountry "IOM"]

1. e4 e6 2. Nf3 d5 3. e5 c5 4. b4 cxb4 5. d4 Nc6 6. Bd3 Be7 7. O-O Bd7 8. c4
bxc3 9. Nxc3 a6 10. Na4 Nb4 11. Be2 Qa5 12. Nc3 Nc6 13. Bd2 Qd8 14. Na4 b5 15.
Nc5 Nxd4 16. Nxd4 Bxc5 17. Be3 Bb6 18. Kh1 Ne7 19. a4 O-O 20. axb5 Bxd4 21.
Qxd4 Bxb5 22. Bxb5 axb5 23. Bg5 Rxa1 24. Rxa1 h6 25. Bf4 Qc8 26. Qd2 Ng6 27.
Bg3 Qb7 28. h4 Rc8 29. Rb1 Rc4 30. Qa5 b4 31. h5 Ne7 32. Qd8+ Kh7 33. Qf8 Nf5
34. Ra1 Rc8 0-1

[Event "Monarch Assurance Isle of Man 8th"]
[Site "Port Erin IOM"]
[Date "1999.11.13"]
[Round "8"]
[White "Paschall, William"]
[Black "Agnos, Demetrios"]
[Result "1/2-1/2"]
[WhiteElo "2332"]
[BlackElo "2456"]
[PlyCount "59"]
[EventDate "1999.11.06"]
[EventType "swiss"]
[EventRounds "9"]
[EventCountry "IOM"]

1. Nf3 Nf6 2. d4 g6 3. c4 Bg7 4. Nc3 O-O 5. Bg5 d6 6. e3 c6 7. Be2 Nbd7 8. O-O
h6 9. Bh4 e5 10. Qc2 Qe7 11. Rad1 g5 12. dxe5 dxe5 13. Bg3 Nh5 14. Bd3 Nxg3 15.
hxg3 Nc5 16. Bh7+ Kh8 17. Bf5 Bxf5 18. Qxf5 e4 19. Nd4 Rae8 20. Rd2 a5 21. Qh3
Nd3 22. Nf5 Qe6 23. g4 Kh7 24. Rfd1 Bxc3 25. bxc3 Qf6 26. f3 Re6 27. fxe4 Nc5
28. g3 Nxe4 29. Rh2 Qxc3 30. Qxh6+ 1/2-1/2

[Event "Monarch Assurance Isle of Man 8th"]
[Site "Port Erin IOM"]
[Date "1999.11.13"]
[Round "8"]
[White "Ryan, Joe"]
[Black "Bourne, James"]
[Result "1-0"]
[WhiteElo "2280"]
[BlackElo "2105"]
[PlyCount "103"]
[EventDate "1999.11.06"]
[EventType "swiss"]
[EventRounds "9"]
[EventCountry "IOM"]

1. e4 c6 2. d4 d5 3. Nd2 dxe4 4. Nxe4 Bf5 5. Ng3 Bg6 6. Nf3 Nf6 7. Bd3 e6 8.
O-O Bd6 9. c4 Nbd7 10. b3 O-O 11. Bb2 c5 12. Bxg6 hxg6 13. Qe2 Qb6 14. Ne4 Nxe4
15. Qxe4 cxd4 16. Bxd4 Bc5 17. Bb2 Nf6 18. Qh4 Rfd8 19. Rae1 Rd7 20. Bxf6 gxf6
21. Qxf6 Bd4 22. Qf4 Rad8 23. h4 Qd6 24. Qg4 Qc5 25. Ng5 Bg7 26. h5 Rd4 27.
Nxe6 fxe6 28. Qxe6+ Kh8 29. Qxg6 R4d6 30. Re8+ Rxe8 31. Qxe8+ Kh7 32. Re1 Rf6
33. Re3 Qf5 34. Qe4 Qxe4 35. Rxe4 Rf7 36. Kf1 Kh6 37. g4 Kg5 38. Ke2 Bb2 39. f3
Rd7 40. Kf2 Bc1 41. Kg3 Rf7 42. Re5+ Kh6 43. Re6+ Kh7 44. Re4 Rd7 45. f4 Rd2
46. g5 Rxa2 47. Re7+ Kh8 48. Rxb7 a5 49. g6 Rd2 50. h6 Rd8 51. c5 Rg8 52. Rh7#
1-0

[Event "Monarch Assurance Isle of Man 8th"]
[Site "Port Erin IOM"]
[Date "1999.11.13"]
[Round "8"]
[White "Spanton, Tim"]
[Black "Collins, Sam"]
[Result "0-1"]
[WhiteElo "2147"]
[BlackElo "2097"]
[PlyCount "96"]
[EventDate "1999.11.06"]
[EventType "swiss"]
[EventRounds "9"]
[EventCountry "IOM"]

1. c4 e6 2. Nc3 d5 3. d4 Nf6 4. Bg5 Be7 5. e3 O-O 6. Nf3 h6 7. Bh4 b6 8. cxd5
Nxd5 9. Bxe7 Qxe7 10. Nxd5 exd5 11. Rc1 Be6 12. Bd3 c5 13. b3 Nd7 14. O-O Rac8
15. Re1 Qd6 16. Qe2 Bg4 17. h3 Bh5 18. Bf5 Rc7 19. Bxd7 Rxd7 20. g4 Bg6 21. Ne5
Rc7 22. Nxg6 fxg6 23. Red1 Rcf7 24. dxc5 bxc5 25. Rf1 Rf3 26. Kg2 Qf6 27. Rxc5
Qh4 28. Qxf3 Rxf3 29. Kxf3 Qxh3+ 30. Ke2 Qxg4+ 31. f3 Qe6 32. Rc2 d4 33. e4
Qa6+ 34. Kf2 h5 35. Rd1 d3 36. Rcd2 h4 37. Ke3 g5 38. Rg2 h3 39. Rh2 Qb6+ 40.
Kd2 Qc7 41. Rdh1 Qf4+ 42. Kxd3 Qxf3+ 43. Kd4 g4 44. e5 Kf7 45. a4 Ke6 46. b4 g3
47. Rxh3 Qf2+ 48. Ke4 g2 0-1